[Event "Mediterranean-ch 7th"]
[Site "Rijeka"]
[Date "2009.09.16"]
[Round "8"]
[White "Jose Queralto, Daniel"]
[Black "Dahdal, Lougain"]
[Result "1-0"]
[WhiteElo "2086"]
[BlackElo "1910"]
[PlyCount "59"]
[EventDate "2009.09.11"]
[EventType "swiss"]
[EventRounds "9"]
[EventCountry "CRO"]
[SourceTitle "CBM 132 Extra"]
[Source "ChessBase"]
[SourceDate "2009.11.03"]
[SourceVersion "1"]
[SourceVersionDate "2009.11.03"]
[SourceQuality "1"]

1. e4 e5 2. Nf3 Nc6 3. Bc4 Nf6 4. d3 Be7 5. 0-0 0-0 6. Re1 d6 7. c3 Bg4 8. Bb3 d5 9. exd5 Nxd5 10. h3 Bh5 11. g4 Bg6 12. Nxe5 Nxe5 13. Rxe5 Nb6 14. d4 Bd6 15. Bg5 Qd7 16. Re1 Kh8 17. Bh4 f5 18. g5 f4 19. Be6 Qb5 20. b3 Bf5 21. Nd2 Rae8 22. c4 Qb4 23. Bxf5 Rxe1+ 24. Qxe1 Rxf5 25. c5 Bf8 26. cxb6 Qc3 27. bxa7 Qxh3 28. f3 h6 29. g6 Rf6 30. Bxf6 1-0